Directorio para el ministerio y la vida de los presbíteros

שמור ב:
מידע ביבליוגרפי
מחבר תאגידי: Congregación para el Clero (Author)
פורמט: ספר
שפה:ספרדית
יצא לאור: Santiago San Pablo 1994
מהדורה:1a. ed
נושאים:
תגים: הוספת תג
אין תגיות, היה/י הראשונ/ה לתייג את הרשומה!

MARC

LEADER 00000cam a2200000 a 4500
001 UCE9847
003 CL-VaPUC
008 151106e19940000cl |||||||||||||||||spa|d
082 0 4 |a 241  |b CON  |2 21 
110 2 |a Congregación para el Clero  |e author  |9 582805 
245 1 0 |a Directorio para el ministerio y la vida de los presbíteros 
250 |a 1a. ed 
300 |a 118 p 
942 |c BK 
945 |d 20151106 14:16:00  |a gsalatino 
260 |a Santiago  |b San Pablo  |c 1994 
650 0 |a Sacerdotes   |9 315705 
650 7 |a MINISTERIO PASTORAL  |2 CL-VaPUC  |9 399577 
650 7 |a MINISTERIOS ECLESIALES  |2 CL-VaPUC  |9 582806 
583 |a last modification  |c 20151106 14:16:00  |k Rodrigo Vera 
999 |c 361490  |d 361488 
952 |0 0  |1 0  |3 erb  |4 0  |6 241_000000000000000_CON_1994  |7 0  |8 A  |9 472051  |a BIBTEO  |b BIBTEO  |i 5208491  |l 1  |o 241 CON 1994  |p 5208491  |r 2025-01-17  |s 2022-11-16  |w 2019-11-24  |y BK  |z Catalogado en:20151106  |k ICR